00554 a2200169 4500001001000000005001700010008004100027245003800068100002000106700002200126700002500148700002400173700002100197700002700218773012200245999001700367ART_4323520260410161737.0260409a 10aCambios ... en el cambio de siglo1 aLessard, Donald1 aSchwartz, Eduardo1 aEdwards, Sebastián1 ade la Torre, José1 aWeinstein, David1 aHanssens, Dominique M.0 tEjecutivos de finanzasgLiderazgo ejecutivo. Cambios...en el cambio de siglo - Año 13, Nº 139 (sep. 1997)wREV2863 c18435d18435